000 00726nam a22001817a 4500
003 JO-AjAnu
005 20231204143059.0
008 231204b jo ||||| |||| 00| 0 ara d
040 _bara
_cJO-AjAnu
_dANU
100 _aعبد المعطي، جمال
_964628
_eمؤلف
245 _aالجداول الإلكترونية إكسل EXCEL /
_cعبد المعطي، جمال وآخرون
250 _aالطبعة الثالثة،
_bتغطي احدث إصدارات EXCEL
260 _aالقاهره :
_bمجموعة كتب دلتا،
_c1996
300 _a313 صفحه
650 _vالحاسبات الالكترونية-برامج
700 _aمحمد فهمي طلبه
_964629
_eمعد ومقدم
942 _2lcc
_cBK
_n0
999 _c33245
_d33245